U.S. Cities Over 100,000 - R - Statistics

General Stats
  • This quiz has been taken 114 times
  • The average score is 7 of 11
Answer Stats
Pop. City % Correct
403,892 Raleigh
90%
103,701 Richmond (CA)
90%
204,214 Richmond (VA)
90%
114,011 Rochester (MN)
83%
210,565 Rochester (NY)
83%
324,722 Riverside
68%
225,221 Reno
65%
152,871 Rockford
44%
165,269 Rancho Cucamonga
35%
113,347 Richardson
23%
118,788 Roseville
23%
No matching quizzes found
Score Distribution
Percent of People with Each Score
Percentile by Number Answered
Your Score History
You have not taken this quiz